000 00453nam a2200181Ia 4500
005 20250508160845.0
008 008 250505s9999 xx 000 0 hin d
037 _aTextual
040 _aFEDL
_beng
_cFEDL
041 _ahin
_2eng
084 _aFH, SHI
_qFEDL
100 _aShivani
245 0 _aKrishnakali
260 _aNew Delhi, India
_bBhartiya Gyanpeeth
300 _a228p
942 _cTEXL
_hFH, SHI
999 _c1367027
_d1367027